Questions young people ask, answers that work (Record no. 296239)
[ view plain ]
| 000 -LEADER | |
|---|---|
| fixed length control field | 01080cam a2200265 a 4500 |
| 001 - CONTROL NUMBER | |
| control field | 2935408 |
| 003 - CONTROL NUMBER IDENTIFIER | |
| control field | SISC |
| 005 - DATE AND TIME OF LATEST TRANSACTION | |
| control field | 20170110132944.0 |
| 008 - FIXED-LENGTH DATA ELEMENTS--GENERAL INFORMATION | |
| fixed length control field | 890925s1989 nyua j 000 0 eng |
| 010 ## - LIBRARY OF CONGRESS CONTROL NUMBER | |
| LC control number | 89188897 |
| 040 ## - CATALOGING SOURCE | |
| Original cataloging agency | DLC |
| Transcribing agency | DLC |
| Modifying agency | DLC |
| 050 00 - LIBRARY OF CONGRESS CALL NUMBER | |
| Classification number | BV 4531.2 |
| Item number | .Q47 2008 |
| 082 00 - DEWEY DECIMAL CLASSIFICATION NUMBER | |
| Classification number | 248.8/3 |
| 245 00 - TITLE STATEMENT | |
| Title | Questions young people ask, answers that work |
| Number of part/section of a work | Vol. 1 |
| 260 ## - PUBLICATION, DISTRIBUTION, ETC. (IMPRINT) | |
| Place of publication, distribution, etc | Brooklyn, N.Y., U.S.A. : |
| Name of publisher, distributor, etc | Watchtower Bible and Tract Society of New York : |
| -- | International Bible Students Association, |
| Date of publication, distribution, etc | 2008. |
| 300 ## - PHYSICAL DESCRIPTION | |
| Extent | 318 pages : |
| Other physical details | illustrations (some color) ; |
| Dimensions | 16 cm. |
| 650 #0 - SUBJECT ADDED ENTRY--TOPICAL TERM | |
| Topical term or geographic name as entry element | Teenagers |
| General subdivision | Religious life |
| -- | Miscellanea. |
| 650 #0 - SUBJECT ADDED ENTRY--TOPICAL TERM | |
| Topical term or geographic name as entry element | Teenagers |
| General subdivision | Conduct of life |
| -- | Miscellanea. |
| 650 #0 - SUBJECT ADDED ENTRY--TOPICAL TERM | |
| Topical term or geographic name as entry element | Christian life |
| General subdivision | Jehovah's Witnesses authors |
| -- | Juvenile literature. |
| 710 2# - ADDED ENTRY--CORPORATE NAME | |
| Corporate name or jurisdiction name as entry element | Watchtower Bible and Tract Society of New York. |
| 710 2# - ADDED ENTRY--CORPORATE NAME | |
| Corporate name or jurisdiction name as entry element | International Bible Students Association. |
| 906 ## - LOCAL DATA ELEMENT F, LDF (RLIN) | |
| a | 7 |
| b | cbc |
| c | orignew |
| d | 3 |
| e | ncip |
| f | 19 |
| g | y-gencatlg |
| 942 ## - ADDED ENTRY ELEMENTS (KOHA) | |
| Source of classification or shelving scheme | Library of Congress Classification |
| Koha item type | Books |
| Withdrawn status | Lost status | Source of classification or shelving scheme | Damaged status | Home library | Current library | Shelving location | Date acquired | Source of acquisition | Sub Shelving location | Total Checkouts | Full call number | Barcode | Date last seen | Price effective from | Koha item type | Date checked out |
|---|---|---|---|---|---|---|---|---|---|---|---|---|---|---|---|---|
| Library of Congress Classification | College Library | College Library | General Circulation Section | 01/10/2017 | Library Fund | 1 | BV 4531.2 .Q47 2008 | C20836 | 04/24/2024 | 01/10/2017 | Books | 04/15/2024 | ||||
| Library of Congress Classification | Luxembourg Library | Luxembourg Library | High School Section | 07/11/2016 | Donation | BV 4531.2 .Q47 2008 | 20258 | 07/11/2016 | 07/11/2016 | Books |